La autoridad de cosa juzgada /
Gorde:
| Egile nagusia: | |
|---|---|
| Erakunde egilea: | |
| Formatua: | Liburua |
| Hizkuntza: | Spanish |
| Argitaratua: |
Azcapotzalco, Distrito Federal, México
Universidad Autónoma Metropolitana
1986
|
| Gaiak: | |
| Etiketak: |
Etiketa erantsi
Etiketarik gabe, Izan zaitez lehena erregistro honi etiketa jartzen!
|
MARC
| LEADER | 00000nam a2200000 4500 | ||
|---|---|---|---|
| 003 | cru CIDCACS/IIS | ||
| 005 | 20190122133202.0 | ||
| 008 | 190122b1986 MX ||||| |||| 00| 0 spa d | ||
| 999 | |c 42093 |d 42093 | ||
| 040 | |c cru CIDCACS/IIS | ||
| 090 | |a REV0001 7(19) 1986 | ||
| 100 | |9 8262 |a Broderman, Luis A. | ||
| 110 | 2 | |9 4472 |a Universidad Nacional Autónoma de México, UNAM | |
| 245 | |a La autoridad de cosa juzgada / |c Luis A. Broderman | ||
| 260 | |a Azcapotzalco, Distrito Federal, México |b Universidad Autónoma Metropolitana |c 1986 | ||
| 300 | |a Páginas 95-117 | ||
| 650 | 0 | |9 8263 |a DERECHO PROCESAL | |
| 650 | 0 | |9 8264 |a DERECHO COMPARADO | |
| 653 | |a COSA JUZGADA | ||
| 773 | 0 | |0 18805 |9 2596 |d Azcapotzalco UAM |o 02228 |t AZCAPOTZALCO | |
| 942 | |2 ddc |c PP | ||
